000 00958cam a2200229 4500
001 ABS67971
008 040701n2004 000 0 eng u
035 _a(Sirsi) u126667
100 _aBeaton, D.
245 _aWater: look after your most valuable resource
260 _c2004
490 _aFarmers' Weekly
_v140(25) 18 June 2004, 74-77(4)
520 _aFirst of an eight-part series of best farming practice features supported by the Environment Agency. Focuses on water efficiency and how simple changes to farm practices can bring about water savings which benefit both the environment and farm business. Lists what farmers can do to conserve water. Uses real farms as case studies and examples of good practice.
590 _aABS
590 _aABS
650 _aWATER CONSERVATION
650 _aFARMING PRACTICES
650 _aENVIRONMENTAL ISSUES
650 _aFARM BUSINESSES
690 _aRURAL-FARM BUSINESS MANAGEMENT
942 _n0
999 _c117634
_d117634